Datum a čas kvízu
29.5
Celkem bodů
Celkový počet nahraných bodů na tomto kvízu bez doplňovacích otázek.
1.
Pořadí na kvízu
Konečné umístění týmu na tomto kvízu.
Zaznamenané odpovědi
| # | Otázka | Odpověď | Body | Výsledky |
|---|---|---|---|---|
| 1. | Město Litomyšl vstoupilo do no... | 1 | ||
| 2. | Chorvatsko a Slovinsko se už n... | 0 | ||
| 3. | Pirátská strana využila ve své... | 0 | ||
| 4. | Končící britská velvyslankyně... | 1 | ||
| 5. | Naše biatlonistka obsadila skv... | 1 | ||
| 6. | Současný prezident Miloš Zeman... | 1 | ||
| 7. | Profesor Jiří Drahoš je svým v... | 1 | ||
| 8. | Ženskou kandidátku v těchto vo... | 0.5 | ||
| 9. | Napište jméno nejštědřejšího s... | 1 | ||
| 10. | Jedním ze smyšlených kandidátů... | 1 |